LEADER 01085nam0-22003371i-450- 001 990007902990403321 005 20060215155244.0 010 $a0-19-829582-0 035 $a000790299 035 $aFED01000790299 035 $a(Aleph)000790299FED01 035 $a000790299 100 $a20040705d2003----km-y0itay50------ba 101 0 $aeng 102 $aUS 105 $a--------001cy 200 1 $aHandbook of organizational learning and knowledge$fedited by Meinolf Dierkes, Ariane Berthoin Antal ... [et al.] 210 $aOxford$cOxford University Press$d2003 215 $axxvi, 978 p.$ctab., fig.$d24 cm 300 $aContiene riferimenti bibl. e indici analitico e dei nomi 610 0 $aOrganizzazione$aGestione delle informazioni 676 $a658.403 8$v21$zita 702 1$aDierkes,$bMeinolf 702 1$aAntal,$bAriane Berthoin 801 0$aIT$bUNINA$gRICA$2UNIMARC 901 $aBK 912 $a990007902990403321 952 $a658.4038 DIE 1$b2397$fBFS 959 $aBFS 996 $aHandbook of organizational learning and knowledge$9670634 997 $aUNINA LEADER 01077nam--2200373---450- 001 990002968510203316 005 20070904180540.0 010 $a3-540-26922-3 035 $a000296851 035 $aUSA01000296851 035 $a(ALEPH)000296851USA01 035 $a000296851 100 $a20070904d2006----km-y0itay50------ba 101 $aeng 102 $aDE 105 $aa---||||001yy 200 1 $aUnderstanding carbon nanotubes$efrom basics to applications$fA. Loiseau ... [et al.] (eds.) 210 $aBerlin [etc.]$cSpringer$dc2006 215 $aXVI, 552 p.$cill.$d24 cm 225 2 $aLecture notes in physics$v677 410 0$12001$aLecture notes in physics$v677 454 1$12001 461 1$1001-------$12001 606 0 $aCarbone 676 $a620.193 702 1$aLOISEAU,$bAnnick 801 0$aIT$bsalbc$gISBD 912 $a990002968510203316 951 $a530 LNP 677$b33886/CBS$c530$d00215590 959 $aBK 969 $aSCI 979 $aSENATORE$b90$c20070904$lUSA01$h1805 996 $aUnderstanding carbon nanotubes$9726505 997 $aUNISA